Statistics for Famous Companies By Logo #3

Click here to take the quiz!

General Stats

  • This quiz has been taken 163 times
  • The average score is 8 of 12

Answer Stats

Answer% Correct
Puma
96%
Adidas
95%
Youtube
94%
Wikipedia
92%
Jetpunk
86%
Mercedes-Benz
83%
Mazda
65%
Red Cross
64%
Airbnb
49%
Yamaha
47%
Adobe
40%
HSBC
37%

Score Distribution

Percentile by Number Answered

Percent of People with Each Score

Your Score History

You have not taken this quiz